Un(Planned) Bratislava /

Gespeichert in:
Bibliographische Detailangaben
Weitere Verfasser: Jostičová Katarína (Zusammenstellung), Vitková, Ľubica, 1958- (Rezension), Topolčanská, Mária, 1973- (Rezension)
Format: Buch
Sprache:Englisch
Veröffentlicht: Bratislava : VEDA, Historický ústav SAV, 2019
Ausgabe:1. vydanie
Schlagworte:
Tags: Tag hinzufügen
Keine Tags, Fügen Sie das erste Tag hinzu!

MARC

LEADER 00000nam a22000003a 4500
001 0084510
003 SK-STU
005 20210726071833.3
007 ta
008 201119s ----xo-----e------100-0-----d
020 |a 978-80-224-1852-2 
040 |a STU  |b slo 
041 0 |a eng 
044 |a xo 
242 0 1 |a (Ne)Plánovaná Bratislava 
245 1 0 |a Un(Planned) Bratislava /  |c zost. Jostičová Katarína 
250 |a 1. vydanie 
260 |a Bratislava :  |b VEDA, Historický ústav SAV,  |c 2019 
300 |a 353 s.  |b 50 ks 
650 4 |a architektúra a urbanizmus 
650 4 |a Bratislava 
650 4 |a 20. storočie 
650 4 |a modern planning 
650 4 |a funkcionalizmus v Bratislave 
650 4 |a Obchodná ulica 
650 4 |a Kamenné námestie Bratislava 
650 4 |a Dunajská štvrť 
700 1 |a Jostičová Katarína  |r Z5  |4 com 
700 1 |a Vitková, Ľubica,  |d 1958-  |u 056160  |r Z1  |4 rev  |U FAD Fakulta architektúry  |U FAD Fakulta architektúry  |U FAD Fakulta architektúry  |T FA Ústav urbanizmu a územného plánovania  |X 447  |U A6160  |Y 397  |7 A000000447 
700 1 |a Topolčanská, Mária,  |d 1973-  |4 rev  |X 54473  |7 A000054473 
996 |b 284AU08521  |c A* 11785/U  |l AAKNST  |s P  |a 0  |w 0084510_0001